000 00853nam a2200265Ia 4500
003 OSt
005 20221006155855.0
006 a|||||r|||| 00| 0
007 ta
008 221006b |||||||| |||| 00| 0 eng d
020 _a9789380651408
_c1200.00 (each)
024 _a43,720
037 _b568, 27/06/2013, Vidyanidhi Prakashan
_cTextual
040 _aEASL
_cEASL
_beng
041 _2eng
_aeng
082 _aQ4.49B.N9, Q2
100 _aSharma Anita Ed.
_9465439
245 0 _aBuddhism in East Asia
_b Aspects of history's first universal religion presented in the modern context
260 _aDelhi
_bVidyanidhi Prakashan India
_c2012
300 _a269p.
_ccm.
490 _v Gen
650 _aGen
942 _hQ4.49B.N9, Q2
_cTEXL
_2CC
999 _c1111812
_d1111812